000 00313nam a22001457a 4500
003 SGT
020 _a97881-7391-634-9
082 _a305.90
_bAHL
100 _aAHLUWALLIA MAJOR H P S
245 _aSUMMIT OF MIND
260 _aKANISHKA NEW DELHI
_c2022
300 _a476
650 _aEDUCATION
942 _2ddc
_cBK
999 _c23090
_d23090